00293nam a2200109Ia 4500008004100000100002000041245006800061250001100129260002700140300000800167650000800175191201s2010 xx 000 0 und d aNACHANE,Dilip M 0aEconometrics Theoretical Foundations and Empirical Perspectives aIMP2nd aN. DelhibOxfordc2010 a868 aMBA